香港特别行政区地图点选 Hong Kong Click Map - Statistics

General Stats
  • This quiz has been taken 51 times
    47 since last reset
  • The average score is 14 of 18
Answers on the Map
Answers color-coded by a green-red scale on the quiz's map according to % correct below.
 
Answer Stats
Answer % Correct
南区
85%
油尖旺区
85%
屯门区
85%
北区
85%
离岛区
85%
东区
81%
九龙城区
81%
观塘区
81%
元朗区
81%
中西区
73%
深水埗区
73%
荃湾区
73%
大埔区
73%
西贡区
73%
沙田区
73%
湾仔区
69%
黄大仙区
69%
葵青区
69%
No matching quizzes found
Score Distribution
Percent of People with Each Score
Percentile by Number Answered
Your Score History
You have not taken this quiz since the last reset